KAPLAN & SODOCK'S COMPREHENSIVE TEXT BOOK OF PSYCHIATRY (Record no. 23838)

MARC details
000 -LEADER
fixed length control field 00474nam a22001697a 4500
003 - CONTROL NUMBER IDENTIFIER
control field SGT
020 ## - INTERNATIONAL STANDARD BOOK NUMBER
International Standard Book Number 9789393553492
082 ## - DEWEY DECIMAL CLASSIFICATION NUMBER
Classification number 616.89
Item number K23S
100 ## - MAIN ENTRY--PERSONAL NAME
Personal name SADOCK, BENJAMIN J .ed.
245 ## - TITLE STATEMENT
Title KAPLAN & SODOCK'S COMPREHENSIVE TEXT BOOK OF PSYCHIATRY
250 ## - EDITION STATEMENT
Edition statement 10TH
260 ## - PUBLICATION, DISTRIBUTION, ETC. (IMPRINT)
Place of publication, distribution, etc NEW YORK
Name of publisher, distributor, etc WOLTERS KLUWER
Year of Publication 2023
300 ## - PAGE DESCRIPTION
No. of Pages 2176,I-127
650 ## - SUBJECT ADDED ENTRY--TOPICAL TERM
Topical term or geographic name as entry element PSYCHIATRY
653 ## - KEYWORDS--INDEX TERM
Keyword term PSYCHIATRY, COMPREHENSIVE PSYCHIATRY, KAPLAN & SODOCK'S PSYCHIATRY
942 ## - ADDED ENTRY ELEMENTS (KOHA)
Source of classification or shelving scheme Dewey Decimal Classification
Koha item type Books

No items available.